[Event "Niederbayern-ch"]
[Site "Ortenburg"]
[Date "2019.04.28"]
[Round "7"]
[White "Mednikov, Felix"]
[Black "Obermeyer, Werner"]
[Result "0-1"]
[WhiteElo "1576"]
[BlackElo "1390"]
[PlyCount "56"]
[EventDate "2019.04.25"]
[EventType "swiss"]
[EventRounds "7"]
[EventCountry "GER"]
[SourceTitle "EXT 2023"]
[Source "ChessBase"]
[SourceDate "2022.10.05"]
[SourceVersion "1"]
[SourceVersionDate "2022.10.05"]
[SourceQuality "1"]

1. d4 e6 2. Nf3 Nf6 3. Bf4 b6 4. Nbd2 Bb7 5. e3 d6 6. Bd3 Nbd7 7. h3 Qe7 8. 0-0 e5 9. dxe5 dxe5 10. Bg5 h6 11. Bxf6 Nxf6 12. e4 0-0-0 13. Qe2 g5 14. Nc4 Nd7 15. a4 a6 16. Rfd1 Bg7 17. Ne3 Nc5 18. Nf5 Qf6 19. b4 Nxd3 20. Nxg7 Nf4 21. Qe3 Rxd1+ 22. Rxd1 Qxg7 23. c4 g4 24. hxg4 Qxg4 25. g3 Bxe4 26. Qxe4 Nh3+ 27. Kg2 Qxe4 28. Kxh3 Qxf3 0-1